000 00569nam a2200193Ia 4500
003 IN-BaIIA
008 211028s9999 xx 000 0 eng d
020 _a978-1-61530-024-2
040 _cIIA Library
080 _a524.6
_bTHE
245 4 _athe milky way and beyond: stars, nebulae, and other galaxies
_cedited by Erik Gregersen
260 _aNew York
_bBritannica
_c2010
300 _a218p.
650 _aGalaxies
_91286
650 _aNebulae
_9976
650 _aStars
700 _aGregersen, Erik, ed.
_934176
942 _cBK
999 _c17957
_d17957